| 000 | 00699nam a2200265Ia 4500 | ||
|---|---|---|---|
| 003 | OSt | ||
| 005 | 20220912144847.0 | ||
| 006 | a|||||r|||| 00| 0 | ||
| 007 | ta | ||
| 008 | 220909b |||||||| |||| 00| 0 eng d | ||
| 024 | _a72995 | ||
| 037 | _cTextual | ||
| 040 |
_aCSL _beng _cCSL |
||
| 041 | _aeng | ||
| 082 | _aD85641:4, M1 | ||
| 100 | _aStephenson David | ||
| 245 | 0 | _aPipeline design for water engineers | |
| 250 | _a2 | ||
| 260 |
_aAmsterdam _bElsevier Scientific _c1981 |
||
| 300 |
_a234p. _ccm. |
||
| 490 | _aDevelopments in water science; 15 | ||
| 650 | _awater supply | ||
| 942 |
_hD85641:4, M1 _cTEXL _2CC |
||
| 999 |
_c17503 _d17503 |
||